Zakázaná láska
Saved in:
| Main Author | |
|---|---|
| Format | Electronic eBook |
| Language | Czech |
| Published |
Metafora
2026
|
| Edition | 1. elektronické vydání |
| Subjects | |
| Online Access | Dostupné v BOOKPORT po přihlášení pomocí eduID |
| ISBN | 978-80-271-4264-4 978-80-7625-952-2 |
| Physical Description | 1 online zdroj (336 stran) |
Cover
| LEADER | 00000nam a2200000 i 4500 | ||
|---|---|---|---|
| 001 | bkp15138 | ||
| 003 | CZ-prgp | ||
| 005 | 20260526120402.0 | ||
| 006 | m o d | ||
| 007 | cr cn | ||
| 008 | 260526s2026 xr o 000 1 cze | ||
| 020 | |a 978-80-271-4264-4 |c 382 Kč |q (online ; epub) | ||
| 020 | |a 978-80-7625-952-2 |c 449 Kč |q (print) | ||
| 040 | |a Grada |b cze |e rda | ||
| 100 | 1 | |a Penny, Ann | |
| 245 | 1 | 0 | |a Zakázaná láska |c Ann Penny |
| 250 | |a 1. elektronické vydání | ||
| 264 | 1 | |b Metafora |c 2026 | |
| 300 | |a 1 online zdroj (336 stran) | ||
| 336 | |a text |b txt |2 rdacontent | ||
| 337 | |a počítač |b c |2 rdamedia | ||
| 338 | |a online zdroj |b cr |2 rdacarrier | ||
| 520 | 3 | |a Josie si chce v New Yorku užít nový začátek bez komplikací - dokud jí do života nevstoupí charismatický Grayson. Jedna nevinná noc v Las Vegas ale nabere nebezpečný směr ve chvíli, kdy se Grayson stane jejím šéfem. Josie tak čeká volba, která ji může stát víc než jen zlomené srdce. | |
| 650 | 0 | 4 | |a Erotické romány |
| 650 | 0 | 4 | |a Milostné romány |
| 856 | 4 | 0 | |u https://www.bookport.cz/AccountSaml/SignIn/?idp=https://shibboleth.utb.cz/idp/shibboleth&returnUrl=/kniha/zakazana-laska-16135/ |y Dostupné v BOOKPORT po přihlášení pomocí eduID |